[Event "Online Olym Div2 B 2020"]
[Site "chess.com INT"]
[Date "2020.08.14"]
[Round "1.1"]
[Board "1"]
[White "Tin, Jingyao"]
[Black "Halkias, Stelios"]
[Result "0-1"]
[WhiteTitle "IM"]
[BlackTitle "GM"]
[WhiteElo "2464"]
[BlackElo "2563"]
[WhiteTeam "Singapore"]
[BlackTeam "Greece"]
[WhiteFideId "5804418"]
[BlackFideId "4201809"]
[EventDate "2020.08.14"]
[EventType "team"]

1. d4 Nf6 2. c4 e6 3. Nc3 Bb4 4. e3 O-O 5. Bd3 d5 6. Nf3 dxc4 7. Bxc4 c5 8. O-O
Nbd7 9. Qe2 a6 10. a3 Ba5 11. Ba2 b5 12. dxc5 Bxc3 13. bxc3 Nxc5 14. c4 Nfe4 15.
Bb2 Bb7 16. Rac1 Qd3 17. Rc2 Rfc8 18. Nd4 Qxe2 19. Rxe2 Na4 20. Rc1 Nd6 21. Ba1
bxc4 22. f3 e5 23. Nc2 c3 24. Nb4 Nb5 25. Bd5 Bxd5 26. Nxd5 Rc5 27. Nb4 a5 28.
Nc2 Rd8 29. Kf2 h5 30. Ke1 Rcd5 31. Rb1 Nc5 32. Kf2 Nd3+ 33. Kg3 Rc5 34. a4 Nd6
35. Rb3 Nc1 0-1

[Event "Online Olym Div2 B 2020"]
[Site "chess.com INT"]
[Date "2020.08.14"]
[Round "1.1"]
[Board "2"]
[White "Pavlidis, Antonios"]
[Black "Liu, Xiangyi"]
[Result "1-0"]
[WhiteTitle "GM"]
[BlackTitle "IM"]
[WhiteElo "2543"]
[BlackElo "2377"]
[WhiteTeam "Greece"]
[BlackTeam "Singapore"]
[WhiteFideId "4212312"]
[BlackFideId "8605718"]
[EventDate "2020.08.14"]
[EventType "team"]

1. e4 e6 2. d4 d5 3. Nd2 c5 4. Ngf3 cxd4 5. Nxd4 Nc6 6. Bb5 Bd7 7. Nxc6 Bxc6 8.
Bxc6+ bxc6 9. c4 Nf6 10. Qa4 Qc7 11. cxd5 exd5 12. O-O Be7 13. exd5 Nxd5 14. Nf3
O-O 15. Bd2 Bf6 16. Rab1 Qb6 17. Qg4 Rfe8 18. b3 Qa6 19. a4 Qd3 20. Qd7 Re6 21.
h3 h6 22. Qb7 Rae8 23. Qxa7 Bc3 24. Be3 Rxe3 25. fxe3 Nxe3 26. Qxf7+ Kxf7 27.
Ne5+ Ke6 28. Nxd3 Nxf1 29. Kxf1 Kd5 30. Rd1 Rf8+ 31. Ke2 Re8+ 32. Kf3 Rf8+ 33.
Kg4 Rf6 34. h4 Bd4 35. Nb4+ Kc5 36. Nd3+ Kd5 37. h5 Ke4 38. g3 c5 39. Nf4 Bf2
40. Rd7 Rb6 41. Re7+ Kd4 42. Kf3 Bxg3 43. Re4+ Kc3 44. Nd5+ Kxb3 45. Nxb6 1-0

[Event "Online Olym Div2 B 2020"]
[Site "chess.com INT"]
[Date "2020.08.14"]
[Round "1.1"]
[Board "3"]
[White "Gong, Qianyun"]
[Black "Tsolakidou, Stavroula"]
[Result "1/2-1/2"]
[WhiteTitle "WGM"]
[BlackTitle "IM"]
[WhiteElo "2333"]
[BlackElo "2391"]
[WhiteTeam "Singapore"]
[BlackTeam "Greece"]
[WhiteFideId "8602425"]
[BlackFideId "4264312"]
[EventDate "2020.08.14"]
[EventType "team"]

1. e4 c5 2. Nf3 d6 3. d4 cxd4 4. Qxd4 a6 5. Be2 Nc6 6. Qe3 g6 7. O-O Bg7 8. h3
Nf6 9. c4 O-O 10. Nc3 Nd7 11. Rd1 Nc5 12. Rb1 a5 13. b3 Bd7 14. Bb2 f5 15. exf5
Bxf5 16. Rbc1 a4 17. Ba3 axb3 18. Bxc5 b2 19. Rb1 Bxb1 20. Bb6 Bc2 21. Bxd8 Bxd1
22. Bxd1 Bxc3 23. Bc2 Bf6 24. Bb6 Rxa2 25. Qb3 Ra1+ 26. Kh2 Kg7 27. Be3 Rc1 28.
Bg5 Rf1 29. Bxf6+ Rxf6 30. Qxb2 Rxf2 31. Qxb7 Na5 32. Qxe7+ Rf7 33. Qe1 Rxc2 34.
Qa1+ Kg8 35. Nd4 Rd2 36. Ne6 Re2 37. Nd4 Rd2 38. Qc3 Rff2 39. Nf3 Rxg2+ 40. Kh1
Ra2 41. Qe3 Rge2 42. Qf4 Ra1+ 43. Ng1 Ree1 44. Qxd6 Rxg1+ 45. Kh2 Rgf1 46. Qd8+
Kf7 47. Qd7+ Kf6 48. Qd4+ Ke6 49. Qd5+ Ke7 50. Qe5+ Kd7 51. Qd5+ Kc7 52. Qe5+
Kb7 53. Qb5+ Kc7 54. Qe5+ Kd7 55. Qd5+ Ke7 56. Qe5+ Kf7 57. Qd5+ Kg7 58. Qd7+
Kh6 59. Qd2+ g5 60. Qd6+ Kh5 61. Qd7 Ra2+ 62. Kg3 Rg1+ 63. Kf3 Rf1+ 64. Kg3 Rg1+
65. Kf3 Rf1+ 66. Kg3 1/2-1/2

[Event "Online Olym Div2 B 2020"]
[Site "chess.com INT"]
[Date "2020.08.14"]
[Round "1.1"]
[Board "4"]
[White "Markantonaki, Haritomeni"]
[Black "Fang, Kun"]
[Result "1-0"]
[WhiteTitle "WFM"]
[WhiteElo "2185"]
[BlackElo "1639"]
[WhiteTeam "Greece"]
[BlackTeam "Singapore"]
[WhiteFideId "4207050"]
[BlackFideId "5819660"]
[EventDate "2020.08.14"]
[EventType "team"]

1. e4 e5 2. Nf3 Nc6 3. Bb5 a6 4. Ba4 Nf6 5. O-O Be7 6. Re1 b5 7. Bb3 d6 8. c3
O-O 9. d4 Bg4 10. d5 Nb8 11. h3 Bc8 12. Nbd2 Re8 13. Nf1 Bf8 14. Ng3 g6 15. a4
Bb7 16. Qe2 Qd7 17. c4 bxc4 18. Bxc4 c6 19. dxc6 Nxc6 20. Bg5 Bg7 21. Qd2 Red8
22. Rad1 Rac8 23. Ba2 a5 24. Bh6 Nb4 25. Bb3 Bc6 26. Bxg7 Kxg7 27. Qg5 h6 28.
Qe3 Qe8 29. Nh4 Bxa4 30. Nhf5+ gxf5 31. Nxf5+ Kg8 32. Qg3+ 1-0

[Event "Online Olym Div2 B 2020"]
[Site "chess.com INT"]
[Date "2020.08.14"]
[Round "1.1"]
[Board "5"]
[White "Lee, Qing Aun"]
[Black "Alexakis, Dimitris"]
[Result "1-0"]
[WhiteTitle "FM"]
[BlackTitle "FM"]
[WhiteElo "2262"]
[BlackElo "2450"]
[WhiteTeam "Singapore"]
[BlackTeam "Greece"]
[WhiteFideId "5804167"]
[BlackFideId "4277023"]
[EventDate "2020.08.14"]
[EventType "team"]

1. e4 c5 2. Nf3 Nc6 3. d4 cxd4 4. Nxd4 Nf6 5. Nc3 d6 6. Bg5 e6 7. Qd2 a6 8.
O-O-O Be7 9. f4 Nxd4 10. Qxd4 b5 11. Bd3 Bb7 12. Rhe1 O-O 13. a3 Kh8 14. Qg1 Rc8
15. g4 Rxc3 16. bxc3 Qa5 17. Qd4 Rc8 18. Qb4 Qc7 19. Qb3 h6 20. Bh4 Nxe4 21.
Bxe4 Bxh4 22. Bxb7 Qxb7 23. Re3 d5 24. Rh3 Be7 25. g5 Rc4 26. gxh6 g6 27. Rd4
Bc5 28. Kb1 Bxd4 29. cxd4 Kh7 30. Qe3 Qc7 31. c3 a5 32. f5 exf5 33. Qe8 Rc6 34.
Qf8 f6 35. Re3 Qd6 36. Qg7# 1-0

[Event "Online Olym Div2 B 2020"]
[Site "chess.com INT"]
[Date "2020.08.14"]
[Round "1.1"]
[Board "6"]
[White "Avramidou, Anastasia"]
[Black "Mak, Xiu Ning Charlene"]
[Result "1-0"]
[WhiteTitle "FM"]
[WhiteElo "2267"]
[BlackElo "1667"]
[WhiteTeam "Greece"]
[BlackTeam "Singapore"]
[WhiteFideId "4239873"]
[BlackFideId "5820332"]
[EventDate "2020.08.14"]
[EventType "team"]

1. d4 Nf6 2. c4 g6 3. Nc3 Bg7 4. e4 d6 5. Bd3 O-O 6. Nge2 e5 7. d5 Nbd7 8. Bc2
a5 9. O-O Nc5 10. Kh1 Nh5 11. Be3 b6 12. a3 f5 13. exf5 gxf5 14. f4 e4 15. Bd4
Nf6 16. h3 Qe8 17. b4 Nb7 18. Nb5 Rf7 19. Qd2 Re7 20. Ba4 Qh5 21. Kg1 Qg6 22.
Nbc3 Bh6 23. Nd1 Rg7 24. Ne3 Re7 25. Bc6 Rb8 26. Rab1 Rg7 27. c5 axb4 28. axb4
Nd8 29. cxd6 cxd6 30. Qc3 Bb7 31. Bxf6 Nxc6 32. dxc6 Rc7 33. b5 Bc8 34. Nd5 Rf7
35. Ne7+ Rxe7 36. Bxe7 Bg7 37. Qg3 Qe6 38. Qb3 Kf7 39. Qxe6+ Bxe6 40. Bh4 Rc8
41. Bf2 Rb8 42. Rfd1 d5 43. Bd4 Bf8 44. Ra1 Bd6 45. Ra7+ Kg6 46. Kh1 Bc5 47.
Bxc5 bxc5 48. Rb7 Rc8 49. Re7 Kf6 50. Rxh7 d4 51. Nxd4 cxd4 52. Rxd4 Bf7 53.
Rd6+ Ke7 54. Rd7+ Ke8 55. Rhxf7 Rb8 56. Rfe7+ Kf8 57. Rb7 Rd8 58. Red7 Re8 59.
Rf7+ Kg8 60. Rfe7 Rd8 61. c7 Rd1+ 62. Kh2 Rc1 63. Rb8# 1-0

[Event "Online Olym Div2 B 2020"]
[Site "chess.com INT"]
[Date "2020.08.14"]
[Round "1.2"]
[Board "1"]
[White "Miron, Lucian-Costin"]
[Black "Gurbanov, Andrei"]
[Result "1/2-1/2"]
[WhiteTitle "GM"]
[BlackTitle "IM"]
[WhiteElo "2507"]
[BlackElo "2298"]
[WhiteTeam "Romania"]
[BlackTeam "IPCA"]
[WhiteFideId "1210920"]
[BlackFideId "13503391"]
[EventDate "2020.08.14"]
[EventType "team"]

1. d4 Nf6 2. c4 e6 3. Nc3 d5 4. cxd5 exd5 5. Bg5 Be7 6. e3 c6 7. Bd3 Nbd7 8. Qc2
O-O 9. Nge2 Re8 10. O-O Nf8 11. f3 Be6 12. Rad1 Rc8 13. Kh1 Qa5 14. a3 c5 15.
Bb5 cxd4 16. Nxd4 Red8 17. Bd3 h6 18. Bh4 a6 19. Qa4 Qxa4 20. Nxa4 b5 21. Nb6
Rb8 22. Nc6 Bc5 23. Nxd8 Rxd8 24. e4 Bxb6 25. exd5 Rxd5 26. Bxf6 gxf6 27. Be4
Rh5 28. g4 Rc5 29. Rd2 Bc7 30. Rfd1 Ng6 31. Kg2 Nf4+ 32. Kf2 Be5 33. Rd8+ Kg7
34. Ra8 Bxb2 35. Rdd8 f5 36. gxf5 Bxf5 37. Rxa6 Bxe4 38. fxe4 Rc2+ 39. Kf3 Ne6
40. Rb8 Rxh2 41. Ra7 Ng5+ 42. Kg4 Rg2+ 43. Kf5 Ne6 44. e5 Rg5+ 45. Ke4 Rxe5+ 46.
Kf3 h5 47. Rbb7 Rf5+ 48. Kg2 Bc3 49. Ra6 Nf4+ 50. Kf3 Ng6+ 51. Ke4 Re5+ 52. Kd3
Ba1 53. Rab6 Nf4+ 54. Kd2 h4 55. Rxb5 h3 56. Rxe5 Bxe5 57. Ke3 h2 58. Rb1 Nh3
59. Kf3 Nf4 60. a4 Ne6 61. Kg2 Kf6 62. a5 Nc7 63. a6 Nxa6 1/2-1/2

[Event "Online Olym Div2 B 2020"]
[Site "chess.com INT"]
[Date "2020.08.14"]
[Round "1.2"]
[Board "2"]
[White "Yarmonov, Igor"]
[Black "Gavrilescu, David"]
[Result "0-1"]
[WhiteTitle "IM"]
[BlackTitle "IM"]
[WhiteElo "2391"]
[BlackElo "2476"]
[WhiteTeam "IPCA"]
[BlackTeam "Romania"]
[WhiteFideId "14114496"]
[BlackFideId "1227190"]
[EventDate "2020.08.14"]
[EventType "team"]

1. d4 Nf6 2. Bf4 d5 3. e3 c5 4. c3 Nc6 5. Bd3 Qb6 6. Qc1 Bg4 7. Nd2 Rc8 8. Ngf3
e6 9. O-O Be7 10. h3 Bh5 11. a3 O-O 12. Rb1 Bg6 13. Bxg6 hxg6 14. Qd1 Rfd8 15.
Qe2 a5 16. a4 Bd6 17. Bxd6 Rxd6 18. Rfd1 Re8 19. Qb5 Qc7 20. Qxc5 Rdd8 21. Ne5
Nd7 22. Nxd7 Qxd7 23. Qb5 Qc7 24. f4 Ne7 25. Qd3 Nf5 26. b3 Rd7 27. Rdc1 Qd8 28.
Nf3 f6 29. Rc2 Kf7 30. Qe2 Ng3 31. Qe1 Ne4 32. c4 Kg8 33. c5 b6 34. b4 axb4 35.
cxb6 Qxb6 36. Qxb4 Qa6 37. Qb5 Qa7 38. Nd2 Nd6 39. Qb4 Qa6 40. Ra1 Rb7 41. Qa3
Reb8 42. a5 Kh7 43. Kh2 Nf5 44. Qc3 Nh4 45. e4 dxe4 46. Nxe4 Rb3 47. Qc4 Qa8 48.
Nc5 Rb2 49. Ra2 R2b4 50. Rc3 Rxc4 51. Rxc4 Qd5 52. Rca4 e5 53. a6 exf4 54. a7
Ra8 55. Rb2 f3 56. gxf3 Nxf3+ 57. Kg3 Nxd4 0-1

[Event "Online Olym Div2 B 2020"]
[Site "chess.com INT"]
[Date "2020.08.14"]
[Round "1.2"]
[Board "3"]
[White "Cosma, Elena-Luminita"]
[Black "Jennitha, Anto K."]
[Result "1-0"]
[WhiteTitle "WGM"]
[BlackTitle "WIM"]
[WhiteElo "2311"]
[BlackElo "2001"]
[WhiteTeam "Romania"]
[BlackTeam "IPCA"]
[WhiteFideId "1201590"]
[BlackFideId "5018218"]
[EventDate "2020.08.14"]
[EventType "team"]

1. d4 d5 2. c4 c6 3. cxd5 cxd5 4. Bf4 Nf6 5. Nc3 e6 6. e3 Bd6 7. Bxd6 Qxd6 8.
Bd3 O-O 9. Rc1 a6 10. f4 b5 11. Nf3 Bb7 12. Ne5 Nbd7 13. O-O Ne4 14. Nxd7 Qxd7
15. a4 b4 16. Nxe4 dxe4 17. Bc4 a5 18. Bb5 Qd6 19. f5 Rac8 20. Qg4 Bd5 21. f6 g6
22. Qg5 Rfd8 23. h4 h5 24. Qh6 Qf8 25. Qf4 Kh7 26. Ba6 Ra8 27. Bb5 Rac8 28. Rc7
Rxc7 29. Qxc7 Rc8 30. Qxa5 Rc2 31. Qa7 Rxb2 32. Qe7 Kg8 33. Rc1 1-0

[Event "Online Olym Div2 B 2020"]
[Site "chess.com INT"]
[Date "2020.08.14"]
[Round "1.2"]
[Board "4"]
[White "Gerasimova, Svetlana"]
[Black "Sandu, Mihaela"]
[Result "0-1"]
[WhiteTitle "WFM"]
[BlackTitle "WGM"]
[WhiteElo "1916"]
[BlackElo "2268"]
[WhiteTeam "IPCA"]
[BlackTeam "Romania"]
[WhiteFideId "4145968"]
[BlackFideId "1204327"]
[EventDate "2020.08.14"]
[EventType "team"]

1. Nf3 Nf6 2. g3 g6 3. Bg2 Bg7 4. O-O O-O 5. d3 d6 6. e4 e5 7. Nbd2 c6 8. Re1
Re8 9. Nf1 Nbd7 10. N3d2 d5 11. c3 Nc5 12. Nb3 Nxb3 13. Qxb3 dxe4 14. dxe4 Qe7
15. Be3 Ng4 16. Bc1 Be6 17. Qc2 b5 18. Ne3 Nf6 19. a4 a6 20. b3 Qb7 21. a5 Red8
22. Ba3 Bf8 23. Bxf8 Kxf8 24. Rad1 Qc7 25. Qa2 Kg7 26. Qa3 Rxd1 27. Rxd1 Rd8 28.
Rxd8 Qxd8 29. h4 Qd2 30. Qc5 Qe1+ 31. Kh2 Nd7 32. Qxc6 Qxf2 33. Nd5 Bxd5 34.
exd5 Nf6 35. d6 Ng4+ 36. Kh3 h5 37. d7 Qg1 38. Qf6+ Kxf6 39. d8=Q+ Kg7 0-1

[Event "Online Olym Div2 B 2020"]
[Site "chess.com INT"]
[Date "2020.08.14"]
[Round "1.2"]
[Board "5"]
[White "Costachi, Mihnea"]
[Black "Lipilin, Ilia"]
[Result "1/2-1/2"]
[WhiteTitle "IM"]
[BlackTitle "FM"]
[WhiteElo "2471"]
[BlackElo "2189"]
[WhiteTeam "Romania"]
[BlackTeam "IPCA"]
[WhiteFideId "1217518"]
[BlackFideId "54113245"]
[EventDate "2020.08.14"]
[EventType "team"]

1. d4 d5 2. c4 dxc4 3. Nf3 Nf6 4. e3 e6 5. Bxc4 a6 6. O-O c5 7. Bb3 Nc6 8. Nc3
cxd4 9. exd4 Bd6 10. Bg5 h6 11. Bh4 Be7 12. Bc2 Nb4 13. Bb1 b6 14. Ne5 Bb7 15.
a3 Nbd5 16. Bg3 Rc8 17. Ne2 b5 18. Qd3 Nb6 19. Nf4 Be4 20. Qe2 Bxb1 21. Raxb1
O-O 22. Rfd1 Nfd5 23. Nfd3 Nc4 24. Rbc1 Bg5 25. Rc2 Nxe5 26. Bxe5 Rxc2 27. Qxc2
Qc8 28. Nc5 Be7 29. b4 Bxc5 30. dxc5 Qc6 31. Qb2 f6 32. Bd6 Ra8 33. Qe2 Qd7 34.
Re1 e5 35. Qf3 Qe6 36. Rd1 e4 37. Qb3 Nf4 38. Qxe6+ Nxe6 39. Re1 Nd4 40. Rxe4
Nc2 41. c6 Nxa3 42. c7 Nc4 43. Rd4 Kf7 44. Bc5 Rc8 45. Rd7+ Kg6 46. f4 Kf5 47.
Rxg7 Kxf4 48. Bf2 Kf5 49. Re7 h5 50. Kf1 Ne5 51. Bb6 Ke4 52. Re6 Kd5 53. Rxf6
Nd7 54. Rh6 Nxb6 55. Rxb6 Rxc7 56. Rxa6 Kc4 57. Rh6 Rf7+ 58. Ke2 Rf5 59. h3 Kxb4
60. g4 hxg4 61. hxg4 Rf8 62. g5 Kc3 63. Ke3 b4 64. Rc6+ Kb2 65. g6 b3 66. Ke4
Kb1 67. g7 Rg8 68. Rc7 b2 69. Kd3 Ka2 70. Ra7+ Kb3 71. Rb7+ Ka2 72. Ra7+ Kb3 73.
Rb7+ Ka2 74. Ra7+ 1/2-1/2

[Event "Online Olym Div2 B 2020"]
[Site "chess.com INT"]
[Date "2020.08.14"]
[Round "1.2"]
[Board "6"]
[White "Dorozhkina, Mariya"]
[Black "Bucur, Denisa-Andreea"]
[Result "0-1"]
[WhiteTitle "WFM"]
[WhiteElo "1705"]
[BlackElo "2063"]
[WhiteTeam "IPCA"]
[BlackTeam "Romania"]
[WhiteFideId "54132185"]
[BlackFideId "1238019"]
[EventDate "2020.08.14"]
[EventType "team"]

1. d4 Nf6 2. c4 e6 3. Nf3 b6 4. g3 Bb4+ 5. Bd2 Be7 6. Bg2 c6 7. Qc2 O-O 8. O-O
Bb7 9. e4 d5 10. e5 Ne4 11. Bf4 Na6 12. a3 c5 13. dxc5 bxc5 14. cxd5 exd5 15.
Rd1 Nc7 16. Nbd2 Nxd2 17. Rxd2 Ne6 18. Be3 d4 19. Rdd1 Qb6 20. Bd2 Rab8 21. Rab1
a5 22. Qa4 Be4 23. Bxa5 Qb7 24. Nh4 Bxh4 25. Bxe4 Qxe4 26. gxh4 Nf4 27. f3 Qe3+
28. Kh1 Qxf3+ 0-1

[Event "Online Olym Div2 B 2020"]
[Site "chess.com INT"]
[Date "2020.08.14"]
[Round "1.3"]
[Board "1"]
[White "Ftacnik, Lubomir"]
[Black "Bologan, Victor"]
[Result "1-0"]
[WhiteTitle "GM"]
[BlackTitle "GM"]
[WhiteElo "2510"]
[BlackElo "2574"]
[WhiteTeam "Slovakia"]
[BlackTeam "Moldova"]
[WhiteFideId "14900017"]
[BlackFideId "13900048"]
[EventDate "2020.08.14"]
[EventType "team"]

1. Nf3 Nf6 2. c4 d6 3. d4 g6 4. Nc3 Bf5 5. d5 Bg7 6. Nd4 Bd7 7. e4 O-O 8. Be2 a5
9. O-O Na6 10. Be3 Nc5 11. f3 e5 12. dxe6 fxe6 13. Ndb5 Nh5 14. Qd2 Bxb5 15.
cxb5 Be5 16. g3 b6 17. Rad1 Qe7 18. Qc2 Nf6 19. Bc4 Kh8 20. Ne2 d5 21. exd5 exd5
22. Bxd5 Rad8 23. Bxc5 Qxc5+ 24. Qxc5 bxc5 25. Bc4 Bxb2 26. Nf4 Bd4+ 27. Kg2 Rd6
28. Rfe1 a4 29. Re6 Nh5 30. Rxd6 Nxf4+ 31. gxf4 cxd6 32. b6 Rb8 33. Rb1 d5 34.
Bxd5 c4 35. b7 c3 36. Rb4 Be3 37. Rc4 Kg7 38. Kg3 Rf8 39. f5 Ba7 40. fxg6 Rf5
41. Be4 Bb8+ 42. Kf2 Rh5 43. gxh7 Rxh2+ 44. Ke3 1-0

[Event "Online Olym Div2 B 2020"]
[Site "chess.com INT"]
[Date "2020.08.14"]
[Round "1.3"]
[Board "2"]
[White "Iordachescu, Viorel"]
[Black "Repkova, Eva"]
[Result "1/2-1/2"]
[WhiteTitle "GM"]
[BlackTitle "IM"]
[WhiteElo "2589"]
[BlackElo "2300"]
[WhiteTeam "Moldova"]
[BlackTeam "Slovakia"]
[WhiteFideId "13900200"]
[BlackFideId "14900440"]
[EventDate "2020.08.14"]
[EventType "team"]

1. e4 d5 2. exd5 Qxd5 3. Nc3 Qa5 4. d4 c6 5. Nf3 Nf6 6. Bd2 Bf5 7. Bc4 e6 8. Nd5
Qd8 9. Nxf6+ gxf6 10. O-O Nd7 11. Re1 Qc7 12. Bf1 O-O-O 13. b4 Kb8 14. c4 e5 15.
Qb3 Bg4 16. c5 exd4 17. Nxd4 Nxc5 18. bxc5 Rxd4 19. Re8+ Bc8 20. Bc3 Rf4 21. Rb1
Rxf2 22. Be1 Rf5 23. Bg3 Bxc5+ 24. Kh1 Rxe8 25. Bxc7+ Kxc7 26. Bd3 Rfe5 27.
Qxf7+ R8e7 28. Qxf6 Bf5 29. Qxf5 Rxf5 30. Bxf5 1/2-1/2

[Event "Online Olym Div2 B 2020"]
[Site "chess.com INT"]
[Date "2020.08.14"]
[Round "1.3"]
[Board "3"]
[White "Movsesian, Julia"]
[Black "Verbin, Valentina"]
[Result "1-0"]
[WhiteTitle "WGM"]
[WhiteElo "2342"]
[BlackElo "1982"]
[WhiteTeam "Slovakia"]
[BlackTeam "Moldova"]
[WhiteFideId "4139690"]
[BlackFideId "13905910"]
[EventDate "2020.08.14"]
[EventType "team"]

1. e4 c5 2. Nf3 d6 3. Nc3 a6 4. d4 cxd4 5. Nxd4 Nf6 6. g3 e6 7. Bg2 Qc7 8. O-O
Be7 9. h3 O-O 10. a4 Nc6 11. Nde2 b6 12. g4 Bb7 13. Ng3 Rfd8 14. g5 Nd7 15. f4
g6 16. h4 Nb4 17. Kh2 d5 18. exd5 Nf8 19. Qe2 Nxd5 20. Nce4 Rac8 21. c3 Qc4 22.
Qf3 b5 23. axb5 axb5 24. h5 Ra8 25. Rxa8 Bxa8 26. Re1 b4 27. Bf1 Qc7 28. c4 Nb6
29. b3 Nbd7 30. Bg2 Nc5 31. Kh3 Nd3 32. Rf1 Nxc1 33. Rxc1 Qd7 34. Ra1 Bc6 35.
Kh2 Qd3 36. Ra7 Qxf3 37. Bxf3 Rd7 38. Ra6 Bb7 39. Rb6 Ba8 40. Rb8 Bb7 41. Kg2
Bc6 42. Nf6+ Bxf6 43. Bxc6 Rd2+ 44. Kf3 Bg7 45. Rxb4 Rd3+ 46. Kg4 Bc3 47. Rb8 e5
48. f5 Rd4+ 49. Be4 Bd2 50. hxg6 hxg6 51. fxg6 fxg6 52. Kf3 Kf7 53. Bd5+ Ke7 54.
Ne4 Ne6 55. Rb7+ Kd8 56. Bxe6 Rd3+ 57. Ke2 1-0

[Event "Online Olym Div2 B 2020"]
[Site "chess.com INT"]
[Date "2020.08.14"]
[Round "1.3"]
[Board "4"]
[White "Varekha, Anna"]
[Black "Cibickova, Zuzana"]
[Result "0-1"]
[BlackTitle "WGM"]
[WhiteElo "1707"]
[BlackElo "2256"]
[WhiteTeam "Moldova"]
[BlackTeam "Slovakia"]
[WhiteFideId "13909940"]
[BlackFideId "14905779"]
[EventDate "2020.08.14"]
[EventType "team"]

1. e4 e5 2. Nf3 Nc6 3. Bb5 a6 4. Ba4 Nf6 5. O-O Be7 6. Re1 b5 7. Bb3 d6 8. c3
O-O 9. h3 Nb8 10. d4 Nbd7 11. Nbd2 Bb7 12. Bc2 Re8 13. Nf1 Bf8 14. Ng3 g6 15.
Bg5 h6 16. Bd2 c5 17. d5 c4 18. Be3 Nc5 19. Qd2 Kh7 20. Nh2 Bc8 21. a4 Bd7 22.
axb5 axb5 23. h4 Qc7 24. h5 gxh5 25. Nf3 Nb3 26. Bxb3 cxb3 27. Nh4 Qc4 28. f3
Ra4 29. Nhf5 Bxf5 30. Nxf5 Ng8 31. Qf2 Rea8 32. Rab1 Qc8 33. Qh4 Qxf5 34. Qh2
Qg6 35. Kf2 Be7 36. Rh1 h4 37. Qh3 Qg3+ 38. Qxg3 hxg3+ 39. Kxg3 Kg6 40. Rh3 Bg5
41. Bxg5 hxg5 42. Rbh1 Ra2 43. Kg4 Rxb2 44. R1h2 Rc2 45. Rh1 Rxc3 46. Rb1 Nf6+
47. Kg3 Nxe4+ 48. Kh2 Nd2 49. Rb2 Rc2 50. Rxb3 Nxb3 51. Rg3 Rc1 52. Kh3 Rh8+ 53.
Kg4 f5# 0-1

[Event "Online Olym Div2 B 2020"]
[Site "chess.com INT"]
[Date "2020.08.14"]
[Round "1.3"]
[Board "5"]
[White "Sahidi, Samir"]
[Black "Macovei, Andrei"]
[Result "1/2-1/2"]
[WhiteTitle "FM"]
[BlackTitle "IM"]
[WhiteElo "2400"]
[BlackElo "2453"]
[WhiteTeam "Slovakia"]
[BlackTeam "Moldova"]
[WhiteFideId "14936372"]
[BlackFideId "13904680"]
[EventDate "2020.08.14"]
[EventType "team"]

1. d4 Nf6 2. c4 e6 3. Nf3 d5 4. Nc3 Bb4 5. Bg5 dxc4 6. Qa4+ Nc6 7. e3 Bd7 8. Qc2
b5 9. Be2 a6 10. O-O O-O 11. a4 Rb8 12. Rfd1 Be7 13. axb5 axb5 14. Bxf6 Bxf6 15.
Ne4 Be7 16. b3 Nb4 17. Qb2 Bc6 18. Nc3 Bxf3 19. Bxf3 Nd3 20. Qa2 Nb4 21. Qb1 c5
22. bxc4 bxc4 23. Qe4 Qc7 24. Be2 Bf6 25. Rac1 cxd4 26. exd4 Rfd8 27. Nb1 Nd5
28. Rxc4 Qf4 29. Qxf4 Nxf4 30. Bf1 Rb6 31. Nc3 g6 32. g3 Nd5 33. Nxd5 Rxd5 34.
Bg2 Rd8 35. d5 Rbd6 36. Rc5 Kg7 37. Rb5 h5 38. h4 R8d7 39. Bf3 Rd8 40. Kg2 exd5
41. Rdxd5 Rxd5 42. Bxd5 Rd7 43. Kf3 Re7 44. Kg2 Re5 45. f4 Re7 46. Kf3 Ra7 47.
Bb3 Rc7 48. Bd5 Rc3+ 49. Kg2 Rc2+ 50. Kf3 Rc3+ 51. Kg2 Rc2+ 52. Kf3 Rc3+ 1/2-1/2

[Event "Online Olym Div2 B 2020"]
[Site "chess.com INT"]
[Date "2020.08.14"]
[Round "1.3"]
[Board "6"]
[White "Mihailova, Alina"]
[Black "Slaba, Andrea"]
[Result "1/2-1/2"]
[WhiteElo "1741"]
[BlackElo "1969"]
[WhiteTeam "Moldova"]
[BlackTeam "Slovakia"]
[WhiteFideId "13907018"]
[BlackFideId "14940680"]
[EventDate "2020.08.14"]
[EventType "team"]

1. d4 Nf6 2. c4 c5 3. d5 b5 4. cxb5 g6 5. Nf3 Bg7 6. g3 d6 7. Bg2 O-O 8. O-O a6
9. bxa6 Bxa6 10. Nc3 Nbd7 11. Qc2 Qb6 12. Rb1 Rfb8 13. b3 Qb4 14. Nd2 Ne8 15.
Bb2 Ne5 16. Ba1 Qa5 17. Rfc1 Nc7 18. a4 Qb4 19. Na2 Qb7 20. Bxe5 Bxe5 21. e4 Ne8
22. Nc4 Bd4 23. Nc3 Bxc3 24. Qxc3 Bxc4 25. Qxc4 Qb4 26. Qxb4 Rxb4 27. Rc3 Nc7
28. f3 Rab8 29. Bf1 Kf8 30. Bc4 Rxa4 31. bxa4 Rxb1+ 32. Kf2 Rb2+ 33. Kg1 Rb1+
34. Kg2 Ra1 35. Bb5 Nxb5 36. axb5 Rb1 37. Ra3 Rxb5 38. Ra8+ Kg7 39. Ra7 Kf6 40.
Rc7 Rb2+ 41. Kg1 Rc2 42. Rc6 h5 43. h4 c4 44. f4 Kg7 45. e5 dxe5 46. fxe5 Rd2
47. d6 exd6 48. exd6 c3 49. Rxc3 Rxd6 50. Kg2 Kf6 51. Rf3+ Ke6 52. Re3+ Kf6 53.
Rf3+ Kg7 54. Rf2 f6 55. Ra2 Kh6 56. Ra5 g5 57. hxg5+ fxg5 58. Kh3 Kg6 59. Ra3
Rd5 60. Kg2 Kf5 61. Ra8 Rd4 62. Rf8+ Kg4 63. Rg8 Rd2+ 64. Kf1 Rd3 65. Kf2 Rf3+
66. Kg2 Rxg3+ 67. Kh2 Rh3+ 68. Kg2 Rb3 69. Ra8 Rb4 70. Ra3 Rb2+ 71. Kg1 h4 72.
Ra4+ Kh5 73. Ra5 h3 74. Rc5 Kg4 75. Rc4+ Kh5 76. Rc5 Kh4 77. Rc4+ g4 78. Rc8 h2+
79. Kh1 Kh3 80. Rc3+ Kh4 81. Rh3+ Kg5 82. Ra3 Kf4 83. Rf3+ Ke4 84. Rf4+ Kxf4 1/2-1/2

[Event "Online Olym Div2 B 2020"]
[Site "chess.com INT"]
[Date "2020.08.14"]
[Round "1.4"]
[Board "1"]
[White "Kulpruethanon, Thanadon"]
[Black "Kantans, Toms"]
[Result "1-0"]
[WhiteTitle "FM"]
[BlackTitle "GM"]
[WhiteElo "2282"]
[BlackElo "2499"]
[WhiteTeam "Thailand"]
[BlackTeam "Latvia"]
[WhiteFideId "6201610"]
[BlackFideId "11602945"]
[EventDate "2020.08.14"]
[EventType "team"]

1. Nf3 c5 2. g3 Nc6 3. Bg2 g6 4. c4 Bg7 5. Nc3 e5 6. O-O Nge7 7. a3 O-O 8. Rb1
a5 9. Ne1 d6 10. Nc2 Bf5 11. d3 Qd7 12. b4 axb4 13. axb4 b6 14. b5 Nd4 15. Bxa8
Rxa8 16. Ne3 Bh3 17. Re1 f5 18. Ned5 Nc8 19. Bh6 f4 20. Ne4 Kh8 21. Bxg7+ Kxg7
22. Ndf6 Qe6 23. e3 fxe3 24. fxe3 Nf5 25. Nxh7 Nh6 26. Nhg5 Qd7 27. Qf3 Bf5 28.
h3 Ra3 29. g4 Bxe4 30. Nxe4 Ng8 31. Rf1 Qe7 32. Ra1 Rxd3 33. Ra8 Qe8 34. Nf6
Nxf6 35. Qxf6+ Kh6 36. Rf5 Kh7 37. Qf7+ 1-0